Score 0/24 Timer 06:00
2 Plays Today
% Correct
Doyle, A. C.
87.8%
Fleming, Ian
84.6%
Stoker, Bram
84.5%
Pasternak, Boris
71.6%
Crichton, Michael
68.9%
Stevenson, R. L.
67.6%
Heller, Joseph
63.6%
Flaubert, Gustave
62.3%
Meyer, Stephenie
61.2%
Shaw, G. B.
61%
Harris, Thomas
60.2%
Wells, H. G.
55.7%
% Correct
Patterson, James
53.2%
Marlowe, Christopher
50%
Rand, Ayn
41.6%
Fitzgerald, F. Scott
37.2%
Lofting, Hugh
36.6%
Voltaire
34%
Christie, Agatha
33.7%
Hardy, Thomas
30.9%
Maguire, Gregory
27%
Cook, Robin
24.3%
Lewis, Sinclair
23.4%
Maugham, W. S.
16.9%
Remove Ads.
Support Sporcle.
Get the best of Sporcle when you Go Orange. This ad-free experience offers more features, more stats, and more fun while also helping to support Sporcle. Thank you for becoming a member.

You're not logged in!

Compare scores with friends on all Sporcle quizzes.
OR
Log In

Show Comments

Extras

Top Quizzes Today


Score Distribution

Your Account Isn't Verified!

In order to create a playlist on Sporcle, you need to verify the email address you used during registration. Go to your Sporcle Settings to finish the process.

Report this User

Report this user for behavior that violates our Community Guidelines.

Details: